Reprezentacje na Euro 2024 - nagła śmierć - Statystyki

Ogólne statystyki
  • Ten quiz został rozwiązany 350 razy
  • Średni wynik to 10 z 17
Answers on the Grid
Answers color-coded by a green-red scale on the quiz's grid according to % correct below.
Polska
Portugalia
Francja
Niemcy
Szkocja
Szwecja
Szwajcaria
Dania
Norwegia
Słowenia
Islandia
Serbia
Walia
Belgia
Grecja
Bułgaria
Rumunia
Czechy
Irlandia
Albania
Finlandia
Słowacja
Ukraina
Holandia
Estonia
Kosowo
Gruzja
Litwa
 
Statystyki odpowiedzi
Odpowiedź % Poprawnych
Polska
98%
Niemcy
93%
Francja
91%
Portugalia
91%
Szwajcaria
72%
Dania
69%
Belgia
64%
Szkocja
57%
Holandia
56%
Ukraina
49%
Czechy
48%
Serbia
46%
Gruzja
44%
Rumunia
43%
Słowenia
42%
Albania
41%
Słowacja
39%
Nie znaleziono quizów pasujących do podanych kryteriów
Rozkład punktacji
Procent ludzi z każdym wynikiem
Percentyl według liczby udzielonych odpowiedzi
Twoja historia wyników
Nie rozwiązałeś tego quizu